[Event "BL 1617 (Women)"]
[Site "Germany"]
[Date "2017.04.29"]
[Round "9.6"]
[White "Ankerst, Milka"]
[Black "Braun, Kristin"]
[Result "1/2-1/2"]
[WhiteElo "2052"]
[BlackElo "1870"]
[PlyCount "99"]
[EventDate "2016.10.22"]
[EventType "team-tourn"]
[EventRounds "11"]
[EventCountry "GER"]
[SourceTitle "EXT 2018"]
[Source "ChessBase"]
[SourceDate "2017.10.13"]
[SourceVersion "1"]
[SourceVersionDate "2017.10.13"]
[SourceQuality "1"]
[WhiteTeam "Bayern Muenchen (W)"]
[BlackTeam "Augsburg (W)"]
[WhiteTeamCountry "GER"]
[BlackTeamCountry "GER"]

1. e4 c5 2. Nf3 d6 3. d4 cxd4 4. Nxd4 Nf6 5. Nc3 g6 6. Be3 Bg7 7. f3 Nc6 8. Bc4 0-0 9. Qd2 Bd7 10. 0-0-0 Rc8 11. Bb3 Ne5 12. h4 h5 13. Kb1 Nc4 14. Bxc4 Rxc4 15. Nde2 Qa5 16. Nd5 Qd8 17. Nxf6+ Bxf6 18. Bd4 Bg7 19. g4 hxg4 20. f4 g3 21. f5 e5 22. fxe6 g2 23. Rh2 Bxe6 24. Bxg7 Kxg7 25. Ng3 Bg4 26. Re1 Rh8 27. Rxg2 Rxh4 28. Qd3 Rc6 29. Qd4+ Kg8 30. Rf2 Be6 31. Qd2 Ra6 32. b3 Qa5 33. Qxa5 Rxa5 34. Rd1 d5 35. exd5 Rxd5 36. Re1 Rhd4 37. Kb2 Rd2 38. Rf3 Rg2 39. Ne4 Rd8 40. Rf2 Rxf2 41. Nxf2 Kf8 42. Nd3 Bf5 43. Kc3 Re8 44. Rg1 Re2 45. a4 Ke7 46. b4 Kf6 47. b5 g5 48. a5 g4 49. Ne1 Re3+ 50. Kb4 1/2-1/2

[Event "GER-chT Federal Cup (Women)"]
[Site "Braunfels"]
[Date "2016.05.28"]
[Round "4.4"]
[White "Ankerst, Milka"]
[Black "Rempel, Yana"]
[Result "1/2-1/2"]
[WhiteElo "1989"]
[BlackElo "1988"]
[PlyCount "96"]
[EventDate "2016.05.26"]
[EventType "team-swiss"]
[EventRounds "5"]
[EventCountry "GER"]
[SourceTitle "EXT 2019"]
[Source "ChessBase"]
[SourceDate "2018.10.10"]
[SourceVersion "1"]
[SourceVersionDate "2018.10.10"]
[SourceQuality "1"]
[WhiteTeam "Bayern (W)"]
[BlackTeam "Wuerttemberg (W)"]
[WhiteTeamCountry "GER"]
[BlackTeamCountry "GER"]

1. e4 c5 2. Nf3 g6 3. d4 cxd4 4. Nxd4 Bg7 5. Nc3 Nc6 6. Be3 Nf6 7. Bc4 0-0 8. 0-0 Nxe4 9. Nxe4 d5 10. Nxc6 bxc6 11. Bd3 dxe4 12. Bxe4 Qc7 13. c3 Rb8 14. Qc1 f5 15. Bd3 c5 16. Bc4+ Kh8 17. Bh6 Bb7 18. h4 e5 19. Rd1 f4 20. Bxg7+ Qxg7 21. Bd5 Qh6 22. Qc2 Qxh4 23. Qe4 Qe7 24. b3 Bc8 25. Re1 Rf5 26. Qa4 g5 27. Rad1 g4 28. Bc6 Rh5 29. Qxf4 Rb6 30. Bd7 Rbh6 31. f3 Rh1+ 32. Kf2 Qh4+ 33. Qg3 Qxg3+ 34. Kxg3 Rxe1 35. Rxe1 Bxd7 36. Rxe5 gxf3 37. gxf3 Rc6 38. Re7 Rd6 39. Re5 Rc6 40. Re7 Rd6 41. Kh4 a6 42. f4 Rh6+ 43. Kg5 Rg6+ 44. Kh5 Bg4+ 45. Kh4 Be6 46. Kh5 Bg4+ 47. Kh4 Be6 48. Kh5 Bg4+ 1/2-1/2

[Event "GER-chT Federal Cup (Women)"]
[Site "Braunfels"]
[Date "2016.05.27"]
[Round "3.4"]
[White "Frank, Michelle Viviane"]
[Black "Ankerst, Milka"]
[Result "0-1"]
[WhiteElo "1945"]
[BlackElo "1989"]
[PlyCount "66"]
[EventDate "2016.05.26"]
[EventType "team-swiss"]
[EventRounds "5"]
[EventCountry "GER"]
[SourceTitle "EXT 2019"]
[Source "ChessBase"]
[SourceDate "2018.10.10"]
[SourceVersion "1"]
[SourceVersionDate "2018.10.10"]
[SourceQuality "1"]
[WhiteTeam "Hessen (W)"]
[BlackTeam "Bayern (W)"]
[WhiteTeamCountry "GER"]
[BlackTeamCountry "GER"]

1. e4 c5 2. Nf3 Nc6 3. d4 cxd4 4. Nxd4 g6 5. c4 Nf6 6. Nc3 d6 7. Be2 Bg7 8. Be3 0-0 9. 0-0 Bd7 10. Qd2 a6 11. f3 Rc8 12. b3 Nxd4 13. Bxd4 Be6 14. Rac1 Re8 15. Rfd1 Nd7 16. Nd5 Bxd5 17. exd5 Bxd4+ 18. Qxd4 Qb6 19. Qxb6 Nxb6 20. f4 Rc7 21. Re1 Rec8 22. Rcd1 Kf8 23. Bg4 Nd7 24. Re3 f5 25. Be2 Nf6 26. Re1 b5 27. Bd3 bxc4 28. Bxc4 a5 29. a4 Rb8 30. Re6 Kf7 31. R1e3 Rbb7 32. Rd3 Ne4 33. Rh3 Rxc4 0-1

[Event "BL2 Sued 1516 (Women)"]
[Site "Germany"]
[Date "2015.12.05"]
[Round "3.4"]
[White "Ankerst, Milka"]
[Black "Zahn, Nicol"]
[Result "1-0"]
[WhiteElo "2066"]
[BlackElo "1894"]
[PlyCount "45"]
[EventDate "2015.09.26"]
[EventType "team-tourn"]
[EventRounds "7"]
[EventCountry "GER"]
[SourceTitle "EXT 2017"]
[Source "ChessBase"]
[SourceDate "2016.10.25"]
[SourceVersion "1"]
[SourceVersionDate "2016.10.25"]
[SourceQuality "1"]
[WhiteTeam "Muenchen Bayern (W)"]
[BlackTeam "Hofheim (W)"]
[WhiteTeamCountry "GER"]
[BlackTeamCountry "GER"]

1. e4 c5 2. Nf3 e6 3. d4 cxd4 4. Nxd4 a6 5. c4 Nf6 6. Nc3 Qc7 7. Bd3 Nc6 8. Nc2 Bc5 9. a3 0-0 10. 0-0 Qe5 11. Kh1 Nd4 12. Ne3 Qh5 13. b4 Ba7 14. Bb1 d6 15. Qxh5 Nxh5 16. f4 Bd7 17. Bd2 Rac8 18. e5 dxe5 19. fxe5 f5 20. exf6 gxf6 21. Nc2 f5 22. c5 Bb8 23. Nxd4 1-0

[Event "BL2 Sued 1415 (Women)"]
[Site "Germany"]
[Date "2015.03.29"]
[Round "7.2"]
[White "Ankerst, Milka"]
[Black "Czech, Daiva"]
[Result "1-0"]
[WhiteElo "2042"]
[BlackElo "2089"]
[PlyCount "75"]
[EventDate "2014.09.27"]
[EventType "team-tourn"]
[EventRounds "7"]
[EventCountry "GER"]
[SourceTitle "CBM 166 Extra"]
[Source "ChessBase"]
[SourceDate "2015.06.18"]
[SourceVersion "1"]
[SourceVersionDate "2015.06.18"]
[SourceQuality "1"]
[WhiteTeam "Muenchen Bayern (W)"]
[BlackTeam "Wadgassen/Differten (W)"]
[WhiteTeamCountry "GER"]
[BlackTeamCountry "GER"]

1. e4 c5 2. Nf3 d6 3. d4 cxd4 4. Nxd4 Nf6 5. Nc3 a6 6. f3 e5 7. Nb3 Be6 8. Be3 Be7 9. Qd2 0-0 10. Be2 d5 11. exd5 Nxd5 12. Nxd5 Qxd5 13. Qxd5 Bxd5 14. 0-0-0 Rd8 15. c4 Be6 16. Nc5 Rxd1+ 17. Rxd1 Bxc5 18. Bxc5 Nd7 19. Bd6 Rc8 20. b3 b5 21. Kb2 bxc4 22. bxc4 f6 23. Rc1 Nc5 24. Kc3 Kf7 25. Rc2 Rc6 26. Bxc5 Rxc5 27. Kb4 Rc6 28. c5 Ke7 29. Rd2 g5 30. Bc4 Bxc4 31. Kxc4 Ke6 32. Rb2 h5 33. a4 g4 34. Rb6 Kd7 35. a5 f5 36. Kd5 Rc8 37. Rb7+ Kd8 38. Kd6 1-0

[Event "Regionalliga SW 1415"]
[Site "Bayern"]
[Date "2015.02.01"]
[Round "6.8"]
[White "Ankerst, Milka"]
[Black "Riedel, Lutz"]
[Result "0-1"]
[WhiteElo "2018"]
[BlackElo "1892"]
[PlyCount "134"]
[EventDate "2014.10.19"]
[EventType "team-tourn"]
[EventRounds "9"]
[EventCountry "GER"]
[SourceTitle "EXT 2018"]
[Source "ChessBase"]
[SourceDate "2017.10.13"]
[SourceVersion "1"]
[SourceVersionDate "2017.10.13"]
[SourceQuality "1"]
[WhiteTeam "Bayern Muenchen III"]
[BlackTeam "Krumbach"]
[WhiteTeamCountry "GER"]
[BlackTeamCountry "GER"]

1. e4 c5 2. Nf3 Nc6 3. Bb5 g6 4. Bxc6 bxc6 5. d3 Bg7 6. 0-0 Nf6 7. Nc3 0-0 8. Be3 d6 9. h3 Qc7 10. Re1 a5 11. Na4 Nd7 12. Qd2 Ba6 13. c4 Rfb8 14. Rab1 e5 15. Bh6 Nf8 16. Nh2 Bc8 17. Bxg7 Kxg7 18. f4 f6 19. fxe5 fxe5 20. Rf1 Qe7 21. Nf3 Be6 22. Rf2 Nd7 23. Rbf1 Bg8 24. Ng5 Rf8 25. Nf3 Be6 26. b3 Bg8 27. Nc3 Nb6 28. Nd1 Be6 29. Ne3 Rf4 30. Nh2 Rxf2 31. Rxf2 h6 32. Nhg4 Bxg4 33. Nxg4 Qg5 34. Qe1 h5 35. Nh2 Nd7 36. Rf3 a4 37. Rg3 Qf4 38. Rf3 Qg5 39. bxa4 Rxa4 40. Qf2 Qe7 41. Nf1 Nf8 42. Qc2 Qa7 43. Rf2 Ne6 44. Ne3 Nd4 45. Qb1 Rb4 46. Qf1 Qb7 47. Kh2 Rb1 48. Nd1 Qe7 49. Rb2 Ra1 50. Qe1 Ne6 51. Qd2 Nf4 52. g3 Ne6 53. Nc3 Nd4 54. Qf2 Rc1 55. Ne2 Nxe2 56. Qxe2 Qf7 57. Kg2 Rc3 58. Rb6 Ra3 59. Qb2 Ra7 60. Rxc6 h4 61. Rb6 hxg3 62. a4 Kh6 63. Qd2+ Qf4 64. Qe2 Rxa4 65. Rxd6 Ra1 66. Rc6 Rd1 67. Rf6 Qxf6 0-1

[Event "GER-chT Federal Cup (Women)"]
[Site "Braunfels"]
[Date "2014.06.20"]
[Round "2.4"]
[White "Ankerst, Milka"]
[Black "Noppes, Marina"]
[Result "1-0"]
[WhiteElo "2037"]
[BlackElo "1902"]
[PlyCount "85"]
[EventDate "2014.06.19"]
[EventType "team-swiss"]
[EventRounds "5"]
[EventCountry "GER"]
[SourceTitle "EXT 2015"]
[Source "ChessBase"]
[SourceDate "2014.11.20"]
[SourceVersion "1"]
[SourceVersionDate "2014.11.20"]
[SourceQuality "1"]
[WhiteTeam "Bayern (W)"]
[BlackTeam "Wuerttemberg (W)"]
[WhiteTeamCountry "GER"]
[BlackTeamCountry "GER"]

1. e4 d5 2. exd5 Qxd5 3. Nc3 Qd6 4. d4 Nf6 5. Nf3 c6 6. Ne5 Nbd7 7. f4 Nb6 8. Qd3 g6 9. Be3 Bf5 10. Qd2 Bg7 11. Be2 0-0 12. 0-0 Nbd5 13. Bf3 Nxe3 14. Qxe3 Rad8 15. g4 Bc8 16. Rad1 Nd5 17. Nxd5 cxd5 18. c3 f6 19. Nd3 Rfe8 20. Rfe1 b6 21. Nb4 Bb7 22. Be2 e5 23. Bb5 Re7 24. Nd3 e4 25. Nf2 f5 26. gxf5 gxf5 27. Kh1 Kh8 28. Nd3 a6 29. Ba4 Bh6 30. Ne5 b5 31. Bb3 Rg8 32. Rg1 Rxg1+ 33. Rxg1 Rg7 34. Rg3 Qf6 35. Kg2 Qh4 36. Rxg7 Kxg7 37. Qg3+ Qxg3+ 38. hxg3 a5 39. a4 b4 40. Nd7 bxc3 41. bxc3 Kf7 42. Kf2 Bc6 43. Ne5+ 1-0

[Event "GER-chT Federal Cup (Women)"]
[Site "Braunfels"]
[Date "2014.06.19"]
[Round "1.3"]
[White "Ankerst, Milka"]
[Black "Jacke, Corinna"]
[Result "0-1"]
[WhiteElo "2037"]
[BlackElo "1837"]
[PlyCount "70"]
[EventDate "2014.06.19"]
[EventType "team-swiss"]
[EventRounds "5"]
[EventCountry "GER"]
[SourceTitle "EXT 2015"]
[Source "ChessBase"]
[SourceDate "2014.11.20"]
[SourceVersion "1"]
[SourceVersionDate "2014.11.20"]
[SourceQuality "1"]
[WhiteTeam "Bayern (W)"]
[BlackTeam "Thueringen (W)"]
[WhiteTeamCountry "GER"]
[BlackTeamCountry "GER"]

1. e4 e6 2. d4 d5 3. Nc3 Bb4 4. exd5 exd5 5. Nf3 Bf5 6. Be2 h6 7. 0-0 Ne7 8. Bf4 c6 9. Ne5 Nd7 10. Nxd7 Qxd7 11. Bf3 0-0-0 12. Na4 b6 13. Be2 Bd6 14. Bxd6 Qxd6 15. c3 Ng6 16. b4 Nf4 17. Bg4 Qg6 18. Bxf5+ Qxf5 19. Qf3 g5 20. g3 Nh3+ 21. Kg2 Qxf3+ 22. Kxf3 h5 23. Rfe1 Rde8 24. Kg2 g4 25. f4 Re4 26. Rxe4 dxe4 27. Re1 Re8 28. Re3 Kd7 29. Nb2 Kd6 30. Nc4+ Kd5 31. Nd2 a5 32. bxa5 bxa5 33. a4 f5 34. Nb3 Rb8 35. Nxa5 Rb1 0-1

[Event "BL2 Sued 1314 (Women)"]
[Site "Germany"]
[Date "2014.03.08"]
[Round "6.2"]
[White "Ankerst, Milka"]
[Black "Dietzen, Corinna"]
[Result "0-1"]
[WhiteElo "2077"]
[BlackElo "2008"]
[PlyCount "70"]
[EventDate "2013.11.30"]
[EventType "team-tourn"]
[EventRounds "7"]
[EventCountry "GER"]
[SourceTitle "EXT 2018"]
[Source "ChessBase"]
[SourceDate "2017.10.13"]
[SourceVersion "1"]
[SourceVersionDate "2017.10.13"]
[SourceQuality "1"]
[WhiteTeam "Muenchen Bayern (W)"]
[BlackTeam "Wadgassen/Differten (W)"]
[WhiteTeamCountry "GER"]
[BlackTeamCountry "GER"]

1. e4 c5 2. Nf3 e6 3. d4 cxd4 4. Nxd4 a6 5. Bd3 Qc7 6. Nc3 Bb4 7. Bd2 Nf6 8. Qe2 Nc6 9. Nf3 d6 10. 0-0 0-0 11. a3 Bc5 12. Na4 Ba7 13. Be3 b5 14. Bxa7 Qxa7 15. Nc3 Bb7 16. Rad1 Rfd8 17. Kh1 Rac8 18. Qd2 Na5 19. e5 dxe5 20. Nxe5 Nc4 21. Qe2 Nxb2 22. Rd2 Nxd3 23. Rxd3 Rxd3 24. Qxd3 Qc5 25. Rd1 Qxe5 26. Qd8+ Ne8 27. Qd7 Qxc3 28. Qxb7 Qxc2 29. Qf3 Rc3 30. Qg4 Rd3 31. Rf1 Rxa3 32. f4 Nf6 33. Qh4 Ra2 34. Qg3 h6 35. h3 b4 0-1

[Event "BL2 Sued 1213 (Women)"]
[Site "Germany"]
[Date "2012.10.06"]
[Round "1.2"]
[White "Hapala, Elisabeth"]
[Black "Ankerst, Milka"]
[Result "1-0"]
[WhiteElo "2003"]
[BlackElo "2083"]
[PlyCount "121"]
[EventDate "2012.10.06"]
[EventType "team-tourn"]
[EventRounds "7"]
[EventCountry "GER"]
[SourceTitle "EXT 2018"]
[Source "ChessBase"]
[SourceDate "2017.10.13"]
[SourceVersion "1"]
[SourceVersionDate "2017.10.13"]
[SourceQuality "1"]
[WhiteTeam "Augsburg SG (W)"]
[BlackTeam "Bayern Muenchen (W)"]
[WhiteTeamCountry "GER"]
[BlackTeamCountry "GER"]

1. e4 c5 2. Nf3 Nc6 3. d4 cxd4 4. Nxd4 g6 5. Nc3 Bg7 6. Be3 Nf6 7. Bc4 Qa5 8. 0-0 0-0 9. Nb3 Qc7 10. Be2 d6 11. f4 Be6 12. Nd5 Qd7 13. Nxf6+ Bxf6 14. Nd4 Rfc8 15. c3 Na5 16. Bb5 Qc7 17. Nxe6 fxe6 18. Qg4 a6 19. Qxe6+ Kg7 20. Be2 Nc4 21. Bd4 Bxd4+ 22. cxd4 Nb6 23. f5 Rf8 24. Rac1 Qd8 25. e5 dxe5 26. dxe5 Nd7 27. Kh1 b5 28. fxg6 hxg6 29. Bd3 Rxf1+ 30. Rxf1 Nf8 31. Qf7+ Kh6 32. Be2 Qd2 33. Qf4+ Qxf4 34. Rxf4 Ne6 35. Rf7 Rc8 36. h4 Rc5 37. Rxe7 Rxe5 38. Bg4 Re4 39. Bxe6 Rxh4+ 40. Bh3 g5 41. Kh2 Rd4 42. Kg3 Rd3+ 43. Kf2 Rd2+ 44. Re2 Rd4 45. Bc8 a5 46. Ke3 Rd5 47. Ke4 Rd8 48. Bf5 Kg7 49. g4 Kf6 50. Rc2 b4 51. Rc6+ Kf7 52. Ke3 Rh8 53. b3 Rh2 54. Rc2 Rh8 55. Kd4 Re8 56. Kc5 Rb8 57. Rd2 Kf6 58. Re2 Rb7 59. Re6+ Kf7 60. Rb6 Re7 61. Ra6 1-0